Tendencias e indicadores sociales de la mortalidad por cáncer de mama y cuello uterino: Antioquía, Colombia, 2000-2007 /
Se pretende estimar las tasas estandarizadas por edad de la mortalidad por cáncer de cérvix y de mama; así como explorar los indicadores sociales que expliquen la variabilidad de dichas tasas. Posterior a diversos análisis se comprende que la mortalidad por dichas neoplasias ha permanecido constante...
Salvato in:
| Autore principale: | |
|---|---|
| Natura: | testo |
| Soggetti: | |
| Tags: |
Aggiungi Tag
Nessun Tag, puoi essere il primo ad aggiungerne!!
|
MARC
| LEADER | 00000 a a2200000 04500 | ||
|---|---|---|---|
| 001 | 44609 | ||
| 003 | |||
| 040 | |||
| 100 | |a Baena, Armando | ||
| 245 | |a Tendencias e indicadores sociales de la mortalidad por cáncer de mama y cuello uterino: |b Antioquía, Colombia, 2000-2007 / |c Armando Baena, Maribel Almonte, Marta Lía Valencia, Santiago Martínez, Katherine Quintero, Gloriana I Sánchez | ||
| 500 | |a arbaza@gmail.com | ||
| 520 | 4 | |a Se pretende estimar las tasas estandarizadas por edad de la mortalidad por cáncer de cérvix y de mama; así como explorar los indicadores sociales que expliquen la variabilidad de dichas tasas. Posterior a diversos análisis se comprende que la mortalidad por dichas neoplasias ha permanecido constante en Antioquia, con una amplia variación de la mortalidad por cáncer cervical por subregión asociado con los niveles de pobreza. | |
| 590 | |a KSR/JUNIO2013 | ||
| 650 | |a CANCER | ||
| 650 | |a MORTALIDAD | ||
| 650 | |a CONDICIONES SOCIALES | ||
| 650 | |a POBREZA | ||
| 650 | |a COLOMBIA | ||
| 650 | |a SALUD PUBLICA | ||
| 773 | |g volumen53, número6 (2011), páginas 486-492 : tablas, gráficos, mapas | ||
| 999 | |c 21078 |d 21078 | ||
